[Event "Campeonato de Aragon por Equipos 2026 - "]
[Site "?"]
[Date "2026.01.24"]
[Round "1.24"]
[White "Morales Anadon, Tomas"]
[Black "Jaso Escudero, Julen"]
[Result "1/2-1/2"]
[WhiteElo "1829"]
[BlackElo "1918"]
[PlyCount "142"]
[GameId "2271383483308987"]
[EventDate "2026.01.24"]
[WhiteTeam "Aulazenter"]
[BlackTeam "El Olivar"]

1. d4 d5 2. c4 e6 3. Nc3 Nf6 4. Bg5 Nbd7 5. cxd5 exd5 6. e3 Be7 7. Bd3 O-O 8. Nf3 c6 9. O-O Re8 10. Qc2 Nf8 11. h3 g6 12. Rab1 Ne6 13. Bh4 Ng7 14. b4 a6 15. a4 Bf5 16. b5 axb5 17. axb5 Bxd3 18. Qxd3 Nf5 19. Bg5 Ne4 20. Bxe7 Qxe7 21. bxc6 bxc6 22. Rfc1 Ra3 23. Rc2 Rea8 24. Rbc1 Qb4 25. Nd2 Nfd6 26. Ndb1 Ra1 27. Nxe4 dxe4 28. Qd1 R8a6 29. Nd2 R1a2 30. Nc4 Nxc4 31. Rxc4 Qb2 32. Qc2 Qxc2 33. R1xc2 Rxc2 34. Rxc2 f5 35. Kh2 Kf7 36. g4 Ke6 37. Kg3 h6 38. gxf5+ gxf5 39. Kf4 Kd6 40. Kxf5 Ra5+ 41. Kxe4 Rh5 42. Kf3 Rxh3+ 43. Kg4 Rh2 44. Kg3 Rh1 45. Rc5 Rg1+ 46. Kf3 Rg6 47. Kf4 Rg2 48. Kf3 Rg6 49. Rh5 Rf6+ 50. Kg3 Rg6+ 51. Kf4 Rf6+ 52. Rf5 Rg6 53. f3 Ke6 54. e4 Kd6 55. Rc5 Rg8 56. Rh5 Rg6 57. Kf5 Re6 58. Rh4 Ke7 59. d5 cxd5 60. exd5 Rf6+ 61. Ke5 Rxf3 62. Rxh6 Rg3 63. Rh7+ Kd8 64. Kd6 Rg6+ 65. Kc5 Rf6 66. Rb7 Rh6 67. Rb8+ Kc7 68. Rg8 Kd7 69. Rg7+ Kd8 70. Rb7 Rg6 71. Rh7 Rf6 1/2-1/2

[Event "Campeonato de Aragon por Equipos 2026 - "]
[Site "?"]
[Date "2026.01.24"]
[Round "1.25"]
[White "Garza Marco, Sergio"]
[Black "Chueca Forcen, Alberto"]
[Result "1/2-1/2"]
[WhiteElo "2381"]
[BlackElo "2283"]
[PlyCount "126"]
[GameId "2271383483308988"]
[EventDate "2026.01.24"]
[WhiteTeam "Helios"]
[BlackTeam "Teruel"]

1. e4 c5 2. Nf3 g6 3. d4 cxd4 4. Nxd4 Nc6 5. Nc3 Bg7 6. Nxc6 bxc6 7. Bc4 d6 8. O-O Nf6 9. e5 dxe5 10. Qxd8+ Kxd8 11. Re1 e6 12. Rxe5 Nd5 13. Re2 Nxc3 14. bxc3 Bxc3 15. Rb1 Re8 16. Rb3 Bg7 17. Bg5+ f6 18. Bd2 Ke7 19. Ra3 Kf7 20. g4 Bf8 21. Ra5 Rd8 22. Be3 a6 23. f4 Bb4 24. Ra4 Bd6 25. f5 gxf5 26. gxf5 Be5 27. Bb3 Rd1+ 28. Kf2 Bd7 29. Rh4 Rh8 30. Rd2 Rxd2+ 31. Bxd2 h5 32. h3 c5 33. Be3 Bd6 34. Re4 Re8 35. Rh4 Ke7 36. fxe6 Bxe6 37. Rxh5 c4 38. Rh7+ Kf8 39. Ba4 Re7 40. Rh8+ Kg7 41. Ra8 Bxh3 42. Rxa6 Bb8 43. Bb5 Re4 44. Rb6 Be5 45. Rb7+ Kg8 46. Bc6 Rg4 47. Bf3 Rh4 48. Bd5+ Kh8 49. a4 Bf5 50. a5 Rh2+ 51. Kg1 Rh3 52. a6 Rxe3 53. a7 Ra3 54. Rb8+ Kg7 55. a8=Q Rxa8 56. Rxa8 Bxc2 57. Bxc4 Kg6 58. Bd5 Bd3 59. Kg2 Kf5 60. Kf3 Bc2 61. Ra6 Bd1+ 62. Ke3 Bf4+ 63. Kf2 Be5 1/2-1/2

[Event "Campeonato de Aragon por Equipos 2026 - "]
[Site "?"]
[Date "2026.01.24"]
[Round "1.26"]
[White "Cabrera Moreno, Daniel"]
[Black "Navarro Alonso, Jorge"]
[Result "1/2-1/2"]
[WhiteElo "2138"]
[BlackElo "2173"]
[PlyCount "57"]
[GameId "2271383483308989"]
[EventDate "2026.01.24"]
[WhiteTeam "Teruel"]
[BlackTeam "Helios"]

1. e4 c5 2. Nf3 Nc6 3. Bb5 Nf6 4. Bxc6 dxc6 5. d3 Qc7 6. b3 e5 7. Bb2 Bd6 8. Nbd2 O-O 9. O-O Re8 10. Nc4 Nd7 11. a4 Nf8 12. Nh4 f6 13. Qf3 Ne6 14. Nf5 Bf8 15. Rfe1 Nd4 16. Bxd4 cxd4 17. Qg3 Bxf5 18. exf5 b5 19. Nd2 Bb4 20. Ne4 Bxe1 21. Nxf6+ Kh8 22. Nxe8 Bxf2+ 23. Qxf2 Rxe8 24. axb5 cxb5 25. f6 Rf8 26. fxg7+ Qxg7 27. Rxa7 Rxf2 28. Rxg7 Rxc2 29. Rb7 1/2-1/2

[Event "Campeonato de Aragon por Equipos 2026 - "]
[Site "?"]
[Date "2026.01.24"]
[Round "1.27"]
[White "Torcal Miguel, Oscar"]
[Black "Dominguez Bujeda, Jesus"]
[Result "1-0"]
[WhiteElo "2133"]
[BlackElo "2064"]
[PlyCount "101"]
[GameId "2271383483308990"]
[EventDate "2026.01.24"]
[WhiteTeam "Helios"]
[BlackTeam "Teruel"]

1. c4 e6 2. g3 d5 3. Bg2 Nf6 4. Nf3 Be7 5. b3 O-O 6. Bb2 b6 7. O-O Bb7 8. d3 c5 9. e3 Nc6 10. Qe2 Re8 11. e4 dxe4 12. dxe4 Nd4 13. Nxd4 cxd4 14. e5 d3 15. Qd1 Bxg2 16. Kxg2 Nd7 17. Qxd3 Qc7 18. Qe2 Rad8 19. Rd1 a6 20. Kg1 Nb8 21. Nd2 Nc6 22. Nf3 h6 23. Qe4 Rd7 24. Rxd7 Qxd7 25. Nd4 Na5 26. Bc3 Bc5 27. Nc2 Nc6 28. b4 Bf8 29. a3 Rd8 30. Re1 Qd3 31. Qxd3 Rxd3 32. Re3 Rd1+ 33. Kg2 g5 34. b5 axb5 35. cxb5 Ne7 36. Re1 Rd3 37. Bb4 Nd5 38. Bxf8 Kxf8 39. a4 Rd2 40. Ne3 Nxe3+ 41. Rxe3 Rd4 42. Ra3 g4 43. h3 h5 44. hxg4 hxg4 45. f4 Kg7 46. Kf2 Kg6 47. Ke3 Rb4 48. Kd3 Kf5 49. Kc3 Rb1 50. a5 Rg1 51. axb6 1-0

[Event "Campeonato de Aragon por Equipos 2026 - "]
[Site "?"]
[Date "2026.01.24"]
[Round "1.28"]
[White "Navarro Remon, Mario"]
[Black "Cerrajeria Ruiz, Jesus Maria"]
[Result "0-1"]
[WhiteElo "1916"]
[BlackElo "2096"]
[PlyCount "104"]
[GameId "2271383483308991"]
[EventDate "2026.01.24"]
[WhiteTeam "Teruel"]
[BlackTeam "Helios"]

1. d4 Nf6 2. c4 c5 3. d5 b5 4. cxb5 a6 5. bxa6 g6 6. Nc3 Bxa6 7. e4 Bxf1 8. Kxf1 d6 9. g3 Bg7 10. Kg2 O-O 11. Qc2 Na6 12. Nf3 Nb4 13. Qe2 Qa5 14. Bd2 Qa6 15. Qxa6 Rxa6 16. a4 Rb8 17. Rab1 Nd3 18. b3 Rab6 19. Ne1 Nxe1+ 20. Rhxe1 Rxb3 21. a5 Nd7 22. a6 Bxc3 23. a7 Rxb1 24. Rxb1 Ra8 25. Bxc3 Rxa7 26. h3 Kf8 27. Rb3 e6 28. dxe6 fxe6 29. Bd2 d5 30. exd5 exd5 31. Bf4 Kf7 32. Kf3 c4 33. Rb5 Ke6 34. Be3 Ra3 35. Ke2 Ra2+ 36. Kd1 c3 37. Kc1 Ke5 38. Rb7 Nf8 39. Re7+ Ne6 40. f4+ Ke4 41. Rxe6+ Kd3 42. Kb1 Rb2+ 43. Ka1 Re2 44. Re5 Rxe3 45. Rxd5+ Kc4 46. Rd7 Re1+ 47. Ka2 c2 48. Rc7+ Kd3 49. Rd7+ Ke3 50. Re7+ Kf2 51. Rxe1 Kxe1 52. Kb2 Kd2 0-1

[Event "Campeonato de Aragon por Equipos 2026 - "]
[Site "?"]
[Date "2026.01.24"]
[Round "1.29"]
[White "Lana Rodriguez, David"]
[Black "Alonso Blasco, Jose Miguel"]
[Result "1-0"]
[WhiteElo "2340"]
[BlackElo "1903"]
[PlyCount "79"]
[GameId "2271383483370432"]
[EventDate "2026.01.24"]
[WhiteTeam "Marcos Frechin"]
[BlackTeam "Las Fuentes"]

1. e4 c6 2. d4 d5 3. Nc3 dxe4 4. Nxe4 Nf6 5. Ng5 Bf5 6. Bc4 e6 7. Ne2 h6 8. Nf3 Nbd7 9. Bf4 Nh5 10. Be5 Bg4 11. c3 Bxf3 12. gxf3 Nxe5 13. dxe5 Qxd1+ 14. Rxd1 Rd8 15. Rd4 Rxd4 16. cxd4 Bb4+ 17. Kd1 O-O 18. Kc2 Rd8 19. Rd1 Be7 20. Kd3 b5 21. Bb3 c5 22. Ke4 c4 23. Bc2 Bh4 24. Ke3 a6 25. Be4 Rd7 26. f4 g6 27. d5 exd5 28. Rxd5 Ra7 29. f5 gxf5 30. Bxf5 Ng7 31. Bc8 Be7 32. f4 Ra8 33. Bb7 Ra7 34. Rd7 Kf8 35. Ke4 Bc5 36. Rc7 Bb6 37. Rc8+ Ke7 38. Bd5 Rd7 39. Rc6 Rb7 40. Rf6 1-0

[Event "Campeonato de Aragon por Equipos 2026 - "]
[Site "?"]
[Date "2026.01.24"]
[Round "1.30"]
[White "Artal Alegria, Francisco Javier"]
[Black "Hinojar Basa, Alfonso"]
[Result "0-1"]
[WhiteElo "1864"]
[BlackElo "2152"]
[PlyCount "40"]
[GameId "2271383483370433"]
[EventDate "2026.01.24"]
[WhiteTeam "Las Fuentes"]
[BlackTeam "Marcos Frechin"]

1. e4 c5 2. Nc3 Nc6 3. Bb5 Nd4 4. Bc4 e6 5. Nge2 Nf6 6. O-O a6 7. a4 d5 8. exd5 exd5 9. Nxd5 Nxd5 10. Nxd4 cxd4 11. Qh5 Be6 12. Re1 Be7 13. Rxe6 Nf4 14. Rxe7+ Qxe7 15. Qd1 d3 16. cxd3 O-O 17. g3 Ne2+ 18. Kf1 Rfe8 19. b3 Qf6 20. d4 Qf3 0-1

[Event "Campeonato de Aragon por Equipos 2026 - "]
[Site "?"]
[Date "2026.01.24"]
[Round "1.31"]
[White "Sanz Pueyo, Adrian"]
[Black "Manguez Cambra, Jose Luis"]
[Result "0-1"]
[WhiteElo "2083"]
[BlackElo "1841"]
[PlyCount "72"]
[GameId "2271383483370434"]
[EventDate "2026.01.24"]
[WhiteTeam "Marcos Frechin"]
[BlackTeam "Las Fuentes"]

1. e4 d5 2. exd5 Nf6 3. d4 e6 4. dxe6 Bxe6 5. Nf3 Bb4+ 6. Bd2 Bxd2+ 7. Nbxd2 Qe7 8. Be2 Qb4 9. c4 O-O 10. Qb3 Qe7 11. O-O c6 12. Rfe1 Qc7 13. Qc2 Nbd7 14. Ng5 Qf4 15. Nxe6 fxe6 16. Nf3 e5 17. g3 Qh6 18. Nxe5 Rad8 19. Rad1 Nb6 20. Bf3 Nbd7 21. Kg2 Nb6 22. b3 Nfd7 23. Ng4 Qg5 24. h4 Qa5 25. Re7 Nf6 26. Qd2 Qa3 27. Rde1 Nc8 28. Nxf6+ Rxf6 29. Re8+ Rf8 30. Rxd8 Rxd8 31. Qg5 Rf8 32. Bg4 Qxa2 33. Re2 Qxb3 34. Bxc8 Qf3+ 35. Kh3 Qxe2 36. d5 Rxc8 0-1

[Event "Campeonato de Aragon por Equipos 2026 - "]
[Site "?"]
[Date "2026.01.24"]
[Round "1.32"]
[White "Pascual Sese, Lucas"]
[Black "Moya Gimeno, Raul"]
[Result "0-1"]
[WhiteElo "1838"]
[BlackElo "2001"]
[PlyCount "152"]
[GameId "2271383483370435"]
[EventDate "2026.01.24"]
[WhiteTeam "Las Fuentes"]
[BlackTeam "Marcos Frechin"]

1. d4 Nf6 2. Bf4 g6 3. e3 Bg7 4. Be2 d6 5. Nf3 Nbd7 6. h3 b6 7. O-O Bb7 8. a4 a6 9. c3 c5 10. Nbd2 O-O 11. Qb3 Rc8 12. Rfd1 h6 13. Bg3 Ra8 14. Nh4 Bd5 15. Bc4 Bxc4 16. Qxc4 d5 17. Qe2 e6 18. Nhf3 c4 19. Ne5 Nh5 20. Bh2 Bxe5 21. dxe5 Nc5 22. g4 Ng7 23. f4 b5 24. a5 Na4 25. Nf3 Qxa5 26. e4 Qb6+ 27. Kg2 dxe4 28. Qxe4 Nc5 29. Qe3 Na4 30. Qe2 Rad8 31. Bg1 Qb7 32. Kg3 Rxd1 33. Rxd1 b4 34. Qc2 b3 35. Qe2 Rc8 36. Rd4 Nb6 37. Nd2 Qc7 38. Ne4 Ne8 39. Qd2 Nd5 40. Qe2 a5 41. Nd2 Nb6 42. Qe4 a4 43. f5 exf5 44. gxf5 Nf6 45. Qe3 Re8 46. Rd6 Nbd7 47. Qa7 Nh5+ 48. Kh2 Qxa7 49. Bxa7 Nxe5 50. Bd4 gxf5 51. Ra6 Nd3 52. Nxc4 Re2+ 53. Kg1 Nhf4 54. Rxh6 Kf8 55. Ra6 Nxh3+ 56. Kh1 Nxb2 57. Nxb2 Rxb2 58. Rxa4 Rc2 59. c4 b2 60. Bxb2 Rxb2 61. Ra5 Rc2 62. Rxf5 Rxc4 63. Kg2 Nf4+ 64. Kf3 Ne6 65. Ra5 Kg7 66. Rd5 Kf6 67. Ra5 Nd8 68. Rd5 Nc6 69. Rh5 Ne7 70. Ra5 Kg6 71. Rb5 f5 72. Re5 Kf6 73. Ra5 Kg5 74. Re5 Rc3+ 75. Kf2 Ng6 76. Re6 f4 0-1

[Event "Campeonato de Aragon por Equipos 2026 - "]
[Site "?"]
[Date "2026.01.24"]
[Round "1.33"]
[White "Ramon Perez, Jose Luis"]
[Black "Anadon Moreno, Mario"]
[Result "1/2-1/2"]
[WhiteElo "2137"]
[BlackElo "1901"]
[PlyCount "121"]
[GameId "2271383483370436"]
[EventDate "2026.01.24"]
[WhiteTeam "Fraga"]
[BlackTeam "Iberajedrez Mundo 64 C"]

1. e4 c5 2. Nf3 d6 3. d4 Nf6 4. Nc3 cxd4 5. Nxd4 e6 6. Be2 e5 7. Nb3 Be7 8. Be3 Be6 9. Nd5 Nbd7 10. Qd3 Bxd5 11. exd5 Rc8 12. O-O-O Qc7 13. Kb1 O-O 14. Bf3 e4 15. Bxe4 Ne5 16. Qd4 Nxe4 17. Qxe4 f5 18. Qb4 Qxc2+ 19. Ka1 Nd3 20. Qa3 Bf6 21. Nd4 Bxd4 22. Bxd4 Nxf2 23. Qg3 Ng4 24. Qxd6 Qc7 25. Qe6+ Qf7 26. h3 Nf6 27. Bxf6 Qxe6 28. dxe6 Rxf6 29. Rhe1 Re8 30. Rd6 g5 31. Kb1 g4 32. hxg4 fxg4 33. Re4 h5 34. Re5 Kf8 35. e7+ Kf7 36. Rd7 Re6 37. Rxh5 R6xe7 38. Rh7+ Kf6 39. Rhxe7 Rxe7 40. Rxe7 Kxe7 41. Kc2 Kd6 42. Kd3 Kd5 43. Ke3 Ke5 44. g3 b6 45. b3 a5 46. a4 b5 47. axb5 Kd5 48. Kf4 Kc5 49. Kxg4 Kxb5 50. Kf5 Kb4 51. g4 Kxb3 52. g5 a4 53. g6 a3 54. g7 a2 55. g8=Q+ Kb2 56. Qg2+ Kb1 57. Qf1+ Kb2 58. Qe2+ Kb1 59. Qe1+ Kb2 60. Qb4+ Ka1 61. Ke4 1/2-1/2

[Event "Campeonato de Aragon por Equipos 2026 - "]
[Site "?"]
[Date "2026.01.24"]
[Round "1.34"]
[White "Martinez Sanz, Pablo"]
[Black "Vallverdu Miret, Oscar"]
[Result "0-1"]
[WhiteElo "1874"]
[BlackElo "2031"]
[PlyCount "70"]
[GameId "2271383483370437"]
[EventDate "2026.01.24"]
[WhiteTeam "Iberajedrez Mundo 64 C"]
[BlackTeam "Fraga"]

1. c4 e5 2. g3 Nf6 3. Bg2 g6 4. Nc3 Bg7 5. e4 O-O 6. Nge2 d6 7. O-O Nbd7 8. d3 c6 9. b4 a5 10. b5 Nc5 11. Rb1 Bg4 12. f3 Be6 13. f4 Bg4 14. h3 Bxe2 15. Nxe2 Nfd7 16. f5 Re8 17. g4 Bf6 18. Qd2 g5 19. Ng3 h6 20. Nh5 Be7 21. h4 f6 22. Qe3 Kf7 23. Qf3 Rg8 24. hxg5 hxg5 25. Kf2 Qb6 26. Ke2 Na4 27. Rb3 Nac5 28. Be3 cxb5 29. cxb5 Rac8 30. Rc1 Qd8 31. Rbb1 {Be3 cxb5 cxb5 Rac8 Rc1 Qd8 Rbb1 Qd7 d4 exd4 Bxd4} Rc7 32. b6 Rc6 33. Rd1 Rxb6 34. Rxb6 Nxb6 35. Bxc5 {Qb5+ Ke1 Qxc5 Qb3+} d5 {e5 Rc8 e6+ Kf8} 0-1

[Event "Campeonato de Aragon por Equipos 2026 - "]
[Site "?"]
[Date "2026.01.24"]
[Round "1.35"]
[White "Aribau Rivas, Miguel Angel"]
[Black "Gordo Escalada, Fernando"]
[Result "1-0"]
[WhiteElo "1999"]
[BlackElo "1798"]
[PlyCount "79"]
[GameId "2271383483370438"]
[EventDate "2026.01.24"]
[WhiteTeam "Fraga"]
[BlackTeam "Iberajedrez Mundo 64 C"]

1. e4 c5 2. Nc3 Nc6 3. f4 e6 4. Nf3 d5 5. e5 Nge7 6. g3 a6 7. Bg2 b5 8. O-O Bd7 9. Ne2 Qb6 10. d3 c4+ 11. d4 b4 12. c3 a5 13. g4 h5 14. gxh5 Rxh5 15. Ng3 Rh8 16. Qe2 g6 17. Ng5 Nf5 18. Nxf5 gxf5 19. Bf3 bxc3 20. bxc3 Be7 21. Bh5 Bxg5 22. fxg5 Nxd4 23. cxd4 Qxd4+ 24. Be3 Qxe5 25. Bf4 Qd4+ 26. Kh1 Rg8 27. Rad1 Qc5 28. Bf3 Bc6 29. Qe5 Rd8 30. h4 Qe7 31. Rfe1 Ba4 32. Rxd5 Rxd5 33. Bxd5 Kf8 34. Bxc4 Bc6+ 35. Kh2 Qa7 36. Be3 Qb7 37. Bc5+ Ke8 38. Rd1 Ba4 39. Rd2 Bc6 40. Rb2 1-0

[Event "Campeonato de Aragon por Equipos 2026 - "]
[Site "?"]
[Date "2026.01.24"]
[Round "1.36"]
[White "Torres Montes, Juan"]
[Black "Casas Chine, German"]
[Result "0-1"]
[WhiteElo "1777"]
[BlackElo "1885"]
[PlyCount "92"]
[GameId "2271383483370439"]
[EventDate "2026.01.24"]
[WhiteTeam "Iberajedrez Mundo 64 C"]
[BlackTeam "Fraga"]

1. c4 c5 2. Nf3 Nc6 3. d4 cxd4 4. Nxd4 Nf6 5. Nc3 g6 6. e4 Bg7 7. Nc2 O-O 8. Be2 d6 9. O-O Be6 10. Ne3 Rc8 11. f3 Qb6 12. Ncd5 Bxd5 13. cxd5 Nd4 14. Kh1 Nxe2 15. Qxe2 Nh5 16. g3 Rc7 17. Rb1 Rfc8 18. b3 Be5 19. f4 Bd4 20. Bd2 Bg7 21. Nc4 Qb5 22. a4 Qd7 23. g4 Nf6 24. Rg1 e6 25. g5 Nh5 26. Rbf1 exd5 27. exd5 Re8 28. Qd3 b5 29. axb5 Qxb5 30. Rf3 Qc5 31. Be3 Qb4 32. Bd4 Bxd4 33. Qxd4 Rce7 34. f5 Re1 35. fxg6 hxg6 36. Rgf1 Rxf1+ 37. Rxf1 Re1 38. Qf2 Rxf1+ 39. Qxf1 Qxb3 40. Nd2 Qxd5+ 41. Nf3 a5 42. Qe2 a4 43. Kg1 a3 44. Qe8+ Kg7 45. Qe3 a2 46. Qc3+ Kh7 0-1

[Event "Campeonato de Aragon por Equipos 2026 - "]
[Site "?"]
[Date "2026.01.24"]
[Round "1.37"]
[White "Salamero Pelay, Fernando"]
[Black "Rebolledo Cuesta, Francisco Javier"]
[Result "1-0"]
[WhiteElo "2087"]
[BlackElo "1975"]
[PlyCount "45"]
[GameId "2271383483370440"]
[EventDate "2026.01.24"]
[WhiteTeam "Atletismo Huesca"]
[BlackTeam "Jaque - Aramovil B"]

1. d4 Nf6 2. c4 g6 3. h4 Bg7 4. Nc3 d6 5. e4 e5 6. dxe5 dxe5 7. Qxd8+ Kxd8 8. Bg5 h6 9. O-O-O+ Nbd7 10. Bd2 c6 11. Be2 Kc7 12. Be3 h5 13. Nh3 Ng4 14. Bxg4 hxg4 15. Ng5 Rf8 16. h5 Nf6 17. h6 Bh8 18. Bc5 Re8 19. Nxf7 Be6 20. Bd6+ Kb6 21. Nxh8 Rxh8 22. Bxe5 Raf8 23. Rd6 1-0

[Event "Campeonato de Aragon por Equipos 2026 - "]
[Site "?"]
[Date "2026.01.24"]
[Round "1.38"]
[White "Zazuliak, Kostiantyn"]
[Black "Luis Vitalla, Fernando"]
[Result "0-1"]
[WhiteElo "1918"]
[BlackElo "2045"]
[PlyCount "68"]
[GameId "2271383483435977"]
[EventDate "2026.01.24"]
[WhiteTeam "Jaque - Aramovil B"]
[BlackTeam "Atletismo Huesca"]

1. d4 d5 2. Nf3 Nf6 3. e3 c5 4. c3 e6 5. Nbd2 Nc6 6. Bd3 Bd6 7. O-O O-O 8. dxc5 Bxc5 9. b4 Bd6 10. Bb2 b6 11. a3 a5 12. e4 Bb7 13. b5 Ne5 14. Nxe5 Bxe5 15. f4 Bc7 16. e5 Ne4 17. Re1 f5 18. Nf3 Rc8 19. Nd4 Qe8 20. Rc1 g5 21. Qf3 gxf4 22. Qxf4 Bd8 23. Bxe4 dxe4 24. Qh6 Bd5 25. Re3 Kh8 26. c4 Rxc4 27. Rxc4 Bxc4 28. Rh3 Qf7 29. Rh5 Rg8 30. Nxf5 Rg6 31. Qd2 Be7 32. Qc1 Bc5+ 33. Kh1 Bd5 34. Nh6 Qf2 0-1

[Event "Campeonato de Aragon por Equipos 2026 - "]
[Site "?"]
[Date "2026.01.24"]
[Round "1.39"]
[White "Bellosta Lopez, Pablo"]
[Black "Oliva Tarancon, Guillermo"]
[Result "1-0"]
[WhiteElo "1999"]
[BlackElo "1735"]
[PlyCount "127"]
[GameId "2271383483435978"]
[EventDate "2026.01.24"]
[WhiteTeam "Atletismo Huesca"]
[BlackTeam "Jaque - Aramovil B"]

1. d4 d6 2. e4 Nf6 3. Nc3 Nbd7 4. Nf3 e5 5. Rg1 c6 6. g4 g6 7. g5 Nh5 8. Be3 Be7 9. Be2 Ng7 10. Qd2 b5 11. a3 a5 12. d5 Bb7 13. dxc6 Bxc6 14. Bxb5 Bxb5 15. Nxb5 Nb6 16. O-O-O Nc8 17. Qd5 Rb8 18. Nxe5 O-O 19. Nc6 Rxb5 20. Qxb5 Qd7 21. Nxe7+ Qxe7 22. Qd5 Rd8 23. Bd4 Qc7 24. Bc3 Ne6 25. Bxa5 Nb6 26. Rg3 Nxd5 27. Bxc7 Ndxc7 28. Rgd3 Nxg5 29. Rxd6 Rxd6 30. Rxd6 Nxe4 31. Rd7 Ne6 32. a4 Kf8 33. b4 Nc3 34. Ra7 Na2+ 35. Kb2 Nxb4 36. Kb3 Nc6 37. Ra8+ Ke7 38. Kc4 Kd7 39. Rh8 h5 40. c3 Kc7 41. Rh7 Ned8 42. Kd5 Kd7 43. f4 Kc7 44. Ke4 Ne7 45. Ke5 Kc6 46. c4 Kc7 47. Kf6 Ng8+ 48. Kg7 Ne7 49. Kf8 Nf5 50. Rxf7+ Nxf7 51. Kxf7 Nh4 52. Kf6 Nf3 53. Kxg6 Nxh2 54. Kxh5 Nf3 55. f5 Kd7 56. a5 Ne5 57. a6 Nc6 58. Kg6 Ne5+ 59. Kg7 Kc6 60. f6 Kb6 61. f7 Nd7 62. f8=Q Nxf8 63. Kxf8 Kxa6 64. Ke7 1-0

[Event "Campeonato de Aragon por Equipos 2026 - "]
[Site "?"]
[Date "2026.01.24"]
[Round "1.40"]
[White "Vizcarra Susin, Sergio"]
[Black "Gella Lopez, Angel"]
[Result "0-1"]
[WhiteElo "1724"]
[BlackElo "1952"]
[PlyCount "76"]
[GameId "2271383483435979"]
[EventDate "2026.01.24"]
[WhiteTeam "Jaque - Aramovil B"]
[BlackTeam "Atletismo Huesca"]

1. d4 d5 2. Nf3 Nf6 3. Bf4 e6 4. e3 Bd6 5. Bg3 O-O 6. Nbd2 c5 7. c3 Nc6 8. Ne5 Qc7 9. f4 Ne4 10. Nxe4 dxe4 11. Qc2 f5 12. Be2 a6 13. Rc1 b5 14. O-O Bb7 15. a4 c4 16. b3 Bxe5 17. fxe5 Na5 18. bxc4 bxc4 19. Rb1 Bd5 20. Bh4 Rfb8 21. g4 fxg4 22. Bxg4 Rb3 23. Bh5 Rab8 24. Rxb3 cxb3 25. Qf2 b2 26. Bf7+ Kh8 27. Rb1 Qxc3 28. Be8 Rxe8 29. Rxb2 Nc4 30. Re2 Kg8 31. Qg3 Rf8 32. Bf6 Rf7 33. Rf2 Qxe3 34. Qxe3 Nxe3 35. Bd8 Rxf2 36. Kxf2 Nf5 37. Bb6 g5 38. h3 h5 0-1

[Event "Campeonato de Aragon por Equipos 2026 - "]
[Site "?"]
[Date "2026.01.24"]
[Round "1.41"]
[White "Juberias Segura, Santiago"]
[Black "Rubiella Moreno, Oscar"]
[Result "0-1"]
[WhiteElo "1942"]
[BlackElo "1988"]
[PlyCount "116"]
[GameId "2271383483435980"]
[EventDate "2026.01.24"]
[WhiteTeam "Utebo San Lamberto"]
[BlackTeam "Enroque de Barbastro"]

1. c4 Nf6 2. g3 g6 3. Bg2 Bg7 4. Nc3 O-O 5. e4 d6 6. Nge2 c5 7. O-O Nc6 8. d3 Rb8 9. h3 Ne8 10. Be3 Nc7 11. Qd2 Ne6 12. Bh6 Ned4 13. Bxg7 Kxg7 14. f4 e6 15. Nxd4 Nxd4 16. Ne2 Nxe2+ 17. Qxe2 e5 18. f5 f6 19. h4 Bd7 20. Bh3 h6 21. Kg2 g5 22. hxg5 hxg5 23. Bg4 Rh8 24. Rh1 Qa5 25. b3 b5 26. Rxh8 Rxh8 27. Rh1 Rxh1 28. Kxh1 Qc3 29. Bh5 bxc4 30. bxc4 Ba4 31. Qf1 Bc2 32. Be2 Qd2 33. Qf3 Kf8 34. Qh5 Ke7 35. Qh7+ Kd8 36. Qxa7 Qe1+ 37. Kh2 Qxe2+ 38. Kh1 Qh5+ 39. Kg2 Qe8 40. Qg7 Bxd3 41. Qxf6+ Qe7 42. Qh8+ Kd7 43. f6 Bxe4+ 44. Kf2 Qf7 45. Ke3 Bg6 46. a4 Qxc4 47. a5 Qd4+ 48. Ke2 Bd3+ 49. Kd2 Be4+ 50. Ke2 Qd3+ 51. Kf2 Qf3+ 52. Ke1 Qxg3+ 53. Ke2 Qd3+ 54. Ke1 Qe3+ 55. Kf1 Bd3+ 56. Kg2 Qe4+ 57. Kg1 Qe1+ 58. Kh2 Qe2+ 0-1

[Event "Campeonato de Aragon por Equipos 2026 - "]
[Site "?"]
[Date "2026.01.24"]
[Round "1.42"]
[White "Campo Pelegrin, Ramon"]
[Black "Olivan Lopez, Dario"]
[Result "0-1"]
[WhiteElo "1886"]
[BlackElo "1926"]
[PlyCount "141"]
[GameId "2271383483435981"]
[EventDate "2026.01.24"]
[WhiteTeam "Enroque de Barbastro"]
[BlackTeam "Utebo San Lamberto"]

1. e4 d6 2. Nc3 Nf6 3. f4 e5 4. d3 Be7 5. Nf3 Nbd7 6. Be2 c6 7. fxe5 dxe5 8. Be3 Ng4 9. Bg1 O-O 10. Qd2 f5 11. exf5 Rxf5 12. O-O-O Rxf3 13. Bxf3 Bg5 14. Bxg4 Bxd2+ 15. Rxd2 Nf6 16. Bf3 Bg4 17. Bxg4 Nxg4 18. h3 Nf6 19. Bh2 Qa5 20. Re2 Re8 21. Rhe1 b5 22. a3 b4 23. axb4 Qa1+ 24. Nb1 Nd5 25. c3 a5 26. Bxe5 axb4 27. c4 Nb6 28. b3 Qa8 29. Bb2 Rxe2 30. Rxe2 Qf8 31. Nd2 c5 32. Nf3 Nc8 33. Re5 Na7 34. Kc2 Nc6 35. Re4 h6 36. Rg4 g5 37. Re4 Qf5 38. Bc1 Nd4+ 39. Nxd4 cxd4 40. Re2 Qf1 41. Rd2 Kf7 42. Bb2 Qg1 43. Re2 Kg6 44. Rd2 h5 45. Re2 Kf5 46. c5 Qf1 47. Kd2 Qb1 48. Bxd4 Qxb3 49. Re5+ Kf4 50. g3+ Kxg3 51. Rxg5+ Kf3 52. Rf5+ Kg3 53. Rg5+ Kh4 54. Re5 Qa2+ 55. Ke3 Qg2 56. Re4+ Kxh3 57. c6 Qc2 58. Re5 Qxc6 59. Rxh5+ Kg2 60. Kd2 b3 61. Bc3 Qf3 62. Re5 Qf4+ 63. Ke1 Qf1+ 64. Kd2 Qb1 65. Ke3 b2 66. Rg5+ Kh3 67. Bxb2 Qxb2 68. Rd5 Kg4 69. Ke4 Qd2 70. Kd4 Kf4 71. Kc5 0-1

[Event "Campeonato de Aragon por Equipos 2026 - "]
[Site "?"]
[Date "2026.01.24"]
[Round "1.43"]
[White "Lopez Guaita, Fernando"]
[Black "Vinuales Ferro, Antonio"]
[Result "1-0"]
[WhiteElo "1899"]
[BlackElo "1791"]
[PlyCount "93"]
[GameId "2271383483435982"]
[EventDate "2026.01.24"]
[WhiteTeam "Utebo San Lamberto"]
[BlackTeam "Enroque de Barbastro"]

1. e4 c5 2. Nf3 e6 3. d3 Nc6 4. g3 d6 5. Bg2 Nf6 6. Nbd2 Be7 7. O-O O-O 8. Re1 Qc7 9. Nf1 Rb8 10. h4 b5 11. N1h2 e5 12. Bg5 Ng4 13. Qc1 Bxg5 14. Qxg5 f6 15. Qd2 f5 16. exf5 Nxh2 17. Kxh2 Bxf5 18. Ng5 Rf6 19. Rf1 Rbf8 20. c3 Qb6 21. Kg1 Kh8 22. Qe3 a5 23. Rad1 b4 24. Rd2 a4 25. a3 bxa3 26. bxa3 Na5 27. Bd5 Nb3 28. Rb2 h6 29. Ne4 Bxe4 30. Qxe4 Qa5 31. Rc2 Rb8 32. Bc6 c4 33. Qxc4 Nc5 34. Qd5 Rb3 35. d4 exd4 36. cxd4 Rxa3 37. dxc5 dxc5 38. Rxc5 Qb6 39. Qc4 Qa7 40. Be4 Rf8 41. Kg2 Qd7 42. Rc7 Qg4 43. f3 Qh5 44. Rc8 Ra2+ 45. Kh3 g5 46. Rxf8+ Kg7 47. Qg8# 1-0

[Event "Campeonato de Aragon por Equipos 2026 - "]
[Site "?"]
[Date "2026.01.24"]
[Round "1.44"]
[White "Miret Munoz, Cesar"]
[Black "Moursy Sadek, Tarek"]
[Result "1-0"]
[WhiteElo "1700"]
[BlackElo "1868"]
[PlyCount "40"]
[GameId "2271383483435983"]
[EventDate "2026.01.24"]
[WhiteTeam "Enroque de Barbastro"]
[BlackTeam "Utebo San Lamberto"]

1. d4 Nf6 2. Nf3 g6 3. c3 Bg7 4. Bf4 d5 5. e3 Nbd7 6. Nbd2 Nb6 7. Bd3 Bd7 8. Qe2 c6 9. e4 dxe4 10. Nxe4 Nxe4 11. Bxe4 Qc8 12. d5 O-O 13. Rd1 Bf5 14. O-O Re8 15. Rfe1 Bxe4 16. Qxe4 Nd7 17. Qe3 b6 18. Qd3 Qb7 19. Rc1 Rad8 20. Red1 Bf6 1-0